000 00717nam a2200289Ia 4500
005 20260324120054.0
008 008 260324s9999 xx 000 0 eng d
020 _a9780203848142
037 _aEBOOK
040 _aCRL
040 _beng
040 _cCRL
041 _2eng
041 _aeng
084 _qCRL
100 _aSuzi Naiburg
_91157122
245 0 _aStructure and Spontaneity in Clinical Prose
245 2 _bA writer's guide for psychoanalysts and psychotherapists
260 _bTaylor and Francis
260 _c2015
365 _a
365 _b300
856 _uhttp://www.taylorfrancis.com/books/9780203848142
942 _cEBOOK
999 _c1748441
_d1748441